| 000 | 00520nam a22001577a 4500 | ||
|---|---|---|---|
| 003 | NUST | ||
| 038 | _a. | ||
| 082 | _a200 THE | ||
| 100 |
_aAyesha Zahir _970219 |
||
| 110 |
_aSupervisor Prof. Dr. Shoab Ahmed Khan _984870 |
||
| 245 | _aTH-SOF-1406-Feasibility Analysis of Grid-Connected Solar Photovoltaic System based on Net-Metering Incentive for a Developing Country A Case Study of Pakistan | ||
| 260 |
_aIslamabad: _bNUST College of EME, _c2017. |
||
| 563 | _a. | ||
| 650 |
_aMS-EM-8 _984871 |
||
| 942 |
_cTHE _2ddc |
||
| 999 |
_c577229 _d577229 |
||